banner-ar

نجيب محفوظ فى المرأة : (Record no. 32700)

MARC details
000 -الفاتح
حقل البيانات ثابتة الطول 00543nam a2200157Ia 4500
008 - عناصر البيانات ثابتة الطول - معلومات عامة
حقل البيانات ثابتة الطول 140319s9999 xx 000 0 ara d
040 ## - مصدر الفهرسة
وكالة الفهرسة الأصلية GCL /
وكالة النسخ GCL
082 04 - رقم تصنيف ديوى العشرى
رقم التصنيف 813.03
رقم المادة م ن
245 10 - بيان العنوان
العنوان نجيب محفوظ فى المرأة :
بقية العنوان ببليوجرافية عن صاحب جائزة نوبل
300 ## - الوصف المادى
التعداد متعدد ؛
أبعاد الوعاء 28 سم
650 04 - المدخل الاضافى بالموضوع-مصطلح موضوعى
مصطلح موضوعي نجيب محفوظ
650 04 - المدخل الاضافى بالموضوع-مصطلح موضوعى
مصطلح موضوعي نجيب محفوظ - ببليوجرافيا
942 ## - عناصر المدخل الإضافي( كوها)
مصدر التصنيف او مخطط الترفيف Dewey Decimal Classification
Koha [default] item type كتاب
260 ## - PUBLICATION, DISTRIBUTION, ETC. (IMPRINT)
-- القاهرة :
-- دار الكتب والوثائق القومية
Holdings
حالة التراجع حالة الفقد حالة تلف ليس للاعارة المكان المؤقت الموقع الحالى تاريخ الاكتساب اجمالي اﻻعارات رقم الطلب الباركود تاريخ اخر مشاهدة تاريخ تفعيل السعر نوع وعاء كوها
        مكتبة القاهرة الكبرى مكتبة القاهرة الكبرى 03/26/2014   813.03\م ن 77003 03/26/2014 03/26/2014 كتاب
        مكتبة القاهرة الكبرى مكتبة القاهرة الكبرى 03/26/2014   813.03\م ن 77004 03/26/2014 03/26/2014 كتاب
        مكتبة القاهرة الكبرى مكتبة القاهرة الكبرى 03/26/2014   813.03\م ن 77005 03/26/2014 03/26/2014 كتاب
        مكتبة القاهرة الكبرى مكتبة القاهرة الكبرى 03/26/2014   813.03\م ن 77006 03/26/2014 03/26/2014 كتاب

Powered By

EGPV